Levels of economic activity and public expenditure in India: a historical and quantititave study (Record no. 374295)

000 -LEADER
fixed length control field 00486cam a22001457a 4500
008 - FIXED-LENGTH DATA ELEMENTS--GENERAL INFORMATION
fixed length control field 180718b1965 xxu||||| |||| 00| 0 eng d
082 ## - DEWEY DECIMAL CLASSIFICATION NUMBER
Classification number T19x54 M8961
100 ## - MAIN ENTRY--PERSONAL NAME
Personal name Mukerji, Kshyitimohon
245 ## - TITLE STATEMENT
Title Levels of economic activity and public expenditure in India: a historical and quantititave study
Statement of responsibility, etc. by Kshitimohon Mukerji
260 ## - PUBLICATION, DISTRIBUTION, ETC.
Place of publication, distribution, etc. Bombay
Name of publisher, distributor, etc. Asia
Date of publication, distribution, etc. 1965
300 ## - PHYSICAL DESCRIPTION
Extent 140p.
650 ## - SUBJECT ADDED ENTRY--TOPICAL TERM
Topical term or geographic name entry element Farm Procedure - India
650 ## - SUBJECT ADDED ENTRY--TOPICAL TERM
Topical term or geographic name entry element Industry - India
650 ## - SUBJECT ADDED ENTRY--TOPICAL TERM
Topical term or geographic name entry element India - Economic Conditions
Holdings
Withdrawn status Lost status Damaged status Not for loan Permanent Location Current Location Date acquired Full call number Barcode Date last seen Price effective from Koha item type
        Indian Institute of Public Administration Indian Institute of Public Administration 1994-06-27 T19x54 M8961 37082 2018-07-21 2018-07-21 Book

Powered by Koha